00354nam a2200121Ia 4500008004100000245009300041260001700134260000900151300000800160650002300168650001200191856002900203170516s9999 xx 000 0 und d aCurrent Progress in Gene Delivery Technology Based on Chemical Methods and Nano-carriers bTheranostics c2014 a4:3 xMedical Technology xMedtech uhttp://www.thno.org/v4i3